|
|
|
|
| LEADER |
00000nam0a2200000 4500 |
| 001 |
86061 |
| 005 |
20231031101406.0 |
| 035 |
|
|
|a (RuTPU)RU\TPU\book\92443
|
| 090 |
|
|
|a 86061
|
| 100 |
|
|
|a 20051122d1962 m y0rusy50 ca
|
| 101 |
0 |
|
|a rus
|
| 102 |
|
|
|a RU
|
| 105 |
|
|
|a a z 001zy
|
| 200 |
1 |
|
|a Полезные икопаемые Красноярского края
|e угли, железо, нерудное сырье
|f под ред. Л.В. Громова
|
| 210 |
|
|
|a Москва
|c Изд-во АН СССР
|d 1962
|
| 215 |
|
|
|a 208 с.
|c черт.
|
| 320 |
|
|
|a Библиогр. в конце статей
|
| 610 |
1 |
|
|a геология
|
| 610 |
1 |
|
|a полезные ископаемые
|
| 610 |
1 |
|
|a Красноярский край
|
| 610 |
1 |
|
|a Красноярский край
|
| 610 |
1 |
|
|a уголь
|
| 610 |
1 |
|
|a железо
|
| 610 |
1 |
|
|a сырье
|
| 610 |
1 |
|
|a фосфориты
|
| 675 |
|
|
|a 553(С18)
|v 3
|
| 702 |
|
1 |
|a Громов
|b Л.В.
|g Леонид Васильевич
|4 340
|
| 801 |
|
1 |
|a RU
|b 63413507
|c 20051122
|g PSBO
|
| 801 |
|
2 |
|a RU
|b 63413507
|c 20090813
|g PSBO
|
| 942 |
|
|
|c BK
|